000 01118nam a2200325 a 4500
001 000031982
003 DO-SdBNP
005 20240530073935.0
007 ta
008 110707s2012 dr 001 e spa d
020 _a9789945074598
040 _aDO-SdBNP
_bspa
_cBNPHU
049 _aBNPD
082 _a972.93
_bD293a
100 1 _aDeschamps, Eugenio,
_d1861-
_958144
245 1 0 _aAntología /
_cEugenio Dsechamps ; editores Roberto Cassá, Betty Almonte.
260 _aSanto Domingo :
_bArchivo General de Nación,
_c2012.
300 _a590 p. ;
_c24 cm.
490 1 _aArchivo General de Nación
_v164
500 _aIncluye índice onomástico.
504 _aIncluye bibliografía y notas al pie de páginas.
650 0 _aEnsayos dominicanos
_965
650 0 _aLiteratura dominicana.
_967
651 4 _aRepública Dominicana
_xHistoria
_y1844-1930
_xEnsayos, Conferencias, Etc.
_938562
700 1 _aCassá, Roberto,
_d1948-
_eed.
_910888
700 1 _aAlmonte, Betty,
_eed.
_958145
830 0 _aArchivo General de Nación
_v164
_949342
910 _aValidado. Control de calidad EMS
942 _2ddc
_cLBS1
999 _c31473
_d31473